000 00595nam a2200193Ia 4500
008 151119s9999||||xx |||||||||||||| ||und||
082 _a28.5
082 _bGKKV6188
100 _aदेवळे श रा
245 _aथोराच्या नवलकथा भांग ५
260 _a--
260 _b--
260 _c0
600 _aदेवळे श रा
630 _aथोराच्या नवलकथा भांग ५
700 _aदेवळे श रा
730 _aथोराच्या नवलकथा भांग ५
942 _cBOOK
999 _c1061071
_d1061068